Ont-ils déjà joué avec... Leonardo DiCaprio ? - Statistiques

Statistiques générales
  • Ce quiz a été pris 88 fois
  • Le résultat moyen est 3 sur 10
Answers on the Grid
Answers color-coded by a green-red scale on the quiz's grid according to % correct below.
Ben Kingsley
Mélanie Laurent
Eric Judor
Kevin Bacon
Nicolas Cage
Paul Walker
Timothée Chalamet
Al Pacino
Julia Roberts
Keanu Reeves
Bruce Springsteen
Rami Malek
Sigourney Weaver
Virginie Ledoyen
Tobey Maguire
Russell Crowe
Mark Wahlberg
Sharon Stone
Judith Godrèche
Diane Keaton
 
Statistiques - réponses
Réponse % Correct
Tobey Maguire
56%
Virginie Ledoyen
39%
Mark Wahlberg
36%
Al Pacino
33%
Ben Kingsley
28%
Timothée Chalamet
25%
Russell Crowe
21%
Diane Keaton
20%
Sharon Stone
16%
Judith Godrèche
13%
Aucun quiz correspondant
Distribution des résultats
% des personnes avec chaque résultat
Percentile par nombre de réponses
Votre historique - résultats
Vous n’avez pas pris ce quiz